00645 a2200193 4500003000400000005001700004008004100021020001800062040000900080082002000089100002500109245004500134250001200179260004200191300001000233942004600243952014500289999001700434OSt20231204104149.0231204b |||||||| |||| 00| 0 eng d a9789390574506 coclc a894.8124bKAR/P aKarassery, M N91986 aPidakkozhi Koovaruth! /c M.N. Karassery a3rd ed. aKozhikode:bMathrubhumi Books,c2021. a208p. 2ddccBKh894.8124iKAR/Pk894.8124mKAR/P 00102ddc40708ESSAYaMESbMEScMALd2023-12-04l1o894.8124 KAR/Pp43321r2026-01-27 10:00:35s2026-01-19v230.00w2023-12-04yBKzGR31R3 c43951d43951